| 000 | 01174nam a22002177a 4500 | ||
|---|---|---|---|
| 005 | 20210325191324.0 | ||
| 008 | s2539 th tha d | ||
| 041 | _atha | ||
| 090 | _aว TD194.6 ว396ก 2539 | ||
| 100 | 0 | _aวัฒนชัย สุวคนธ์ | |
| 245 | 1 | 0 | _aการควบคุมคุณภาพสิ่งแวดล้อมอันเกิดจากโครงการระบบทางด่วน |
| 260 | 3 |
_aกรุงเทพฯ : _bวิทยาลัยป้องกันราชอาณาจักร, _c2539 |
|
| 300 |
_a66 หน้า : _b ภาพประกอบ, ตาราง, แผนที่ ; _c 28 ซม. |
||
| 650 | 0 | 4 | _aสิ่งแวดล้อม -- ผลกระทบจากโครงการระบบทางด่วน -- วิจัย |
| 650 | 0 | 4 | _aคุณภาพสิ่งแวดล้อม -- วิจัย |
| 650 | 0 | 4 | _aการวิเคราะห์ผลกระทบสิ่งแวดล้อม -- วิจัย |
| 850 | _aNALT | ||
| 942 | _cRSH | ||
| 997 |
_c000000000028091 _kVC |
||
| 998 | _aNarumon Suwan | ||
| 999 |
_c28091 _d28091 |
||